Statistics for Walking Across Borders with Hints (hard)

Click here to take the quiz!

General Stats

  • This quiz has been taken 63 times
  • The average score is 19 of 21

Answer Stats

HintAnswer% Correct
Capital Built Upon TenochtitlanMexico
98%
A Man, A Plan, A Canal: ______Panama
98%
Ordem e ProgressoBrazil
96%
Bicoloured Flag, Has ProvincesCanada
96%
Named After ChrisColombia
96%
Rich CoastCosta Rica
96%
Mayan CapitalGuatemala
95%
E Pluribus UnumUnited States of America
95%
Homicide Rate ChampionEl Salvador
93%
Banana RepublicHonduras
93%
Reunified in 1990Germany
91%
Flag Features A RainbowNicaragua
91%
ABBASweden
91%
Unusually Shaped FlagSwitzerland
91%
____-Hungarian EmpireAustria
89%
Speaks FrenchFrance
89%
Invaded in 6 hours by the aboveDenmark
88%
Largest Export: Oil and GasNorway
88%
First Socialist StateRussia
88%
the Principality of ________Liechtenstein
86%
Famine Between 1994-1998North Korea
75%

Score Distribution

Percentile by Number Answered

Percent of People with Each Score

Your Score History

You have not taken this quiz